[Event "POL-chT U19 2nd League"]
[Site "Iwonicz"]
[Date "2015.08.01"]
[Round "6.94"]
[White "Haladus, Adam"]
[Black "Syrkiewicz, Michal"]
[Result "0-1"]
[WhiteElo "1111"]
[BlackElo "1007"]
[PlyCount "60"]
[EventDate "2015.07.25"]
[EventType "team-swiss"]
[EventRounds "11"]
[EventCountry "POL"]
[SourceTitle "EXT 2019"]
[Source "ChessBase"]
[SourceDate "2018.10.10"]
[SourceVersion "1"]
[SourceVersionDate "2018.10.10"]
[SourceQuality "1"]
[WhiteTeam "Chorzow ChTS U19"]
[BlackTeam "Zielonka Zieloni U19"]
[WhiteTeamCountry "POL"]
[BlackTeamCountry "POL"]

1. e4 e6 2. d4 d5 3. e5 c5 4. c3 Nc6 5. Nf3 Qb6 6. b3 Be7 7. Bb2 Nh6 8. Be2 Bd7 9. 0-0 Nf5 10. Na3 a6 11. Nc2 0-0 12. Ne3 Nxe3 13. fxe3 f6 14. Bd3 fxe5 15. dxe5 c4 16. Bc2 Qxe3+ 17. Kh1 cxb3 18. Bxb3 Rac8 19. Ba4 Rcd8 20. Bb3 Qb6 21. Rb1 Na5 22. Nd4 Nxb3 23. Rxf8+ Rxf8 24. axb3 Bc5 25. c4 Rf2 26. Qe1 Rf8 27. Rd1 Rd8 28. Qh4 Bc6 29. Qg4 Bd7 30. b4 Bxd4 0-1

[Event "POL-chT U19 2nd League"]
[Site "Iwonicz"]
[Date "2015.08.01"]
[Round "5.88"]
[White "Szarota, Jakub"]
[Black "Haladus, Adam"]
[Result "0-1"]
[WhiteElo "1264"]
[BlackElo "1111"]
[PlyCount "66"]
[EventDate "2015.07.25"]
[EventType "team-swiss"]
[EventRounds "11"]
[EventCountry "POL"]
[SourceTitle "EXT 2019"]
[Source "ChessBase"]
[SourceDate "2018.10.10"]
[SourceVersion "1"]
[SourceVersionDate "2018.10.10"]
[SourceQuality "1"]
[WhiteTeam "Nowy Sacz Sandecja U19"]
[BlackTeam "Chorzow ChTS U19"]
[WhiteTeamCountry "POL"]
[BlackTeamCountry "POL"]

1. d4 d5 2. c4 c6 3. Nc3 Bf5 4. Nf3 Nd7 5. Bf4 Ngf6 6. e3 e6 7. Qb3 b6 8. Qa4 a5 9. Qxc6 Rc8 10. Qa4 Bb4 11. Ne5 0-0 12. Nc6 Qe8 13. Nxb4 axb4 14. Qxb4 Qd8 15. h3 Re8 16. Bg5 Qc7 17. Nb5 Qb8 18. Nd6 b5 19. Nxc8 Rxc8 20. Qxb5 Qa8 21. b3 Qa3 22. Qa4 Qb2 23. Rd1 Ne4 24. Bh4 Qc3+ 25. Ke2 Qc2+ 26. Ke1 Nc3 27. f3 Qxd1+ 28. Kf2 Nxa4 29. bxa4 Qxa4 30. g4 Bb1 31. c5 Qxa2+ 32. Kg3 Qb3 33. Kf2 Ra8 0-1